[Event "St Petersburg Korchnoi Memorial op"]
[Site "St Petersburg"]
[Date "2019.08.18"]
[Round "5"]
[White "Moroz, Anastasiya"]
[Black "Koftunov, Viacheslav"]
[Result "1/2-1/2"]
[WhiteElo "1665"]
[BlackElo "1364"]
[PlyCount "71"]
[EventDate "2019.08.14"]
[EventType "swiss"]
[EventRounds "9"]
[EventCountry "RUS"]
[SourceTitle "CBM 192"]
[Source "ChessBase"]
[SourceDate "2019.10.31"]
[SourceVersion "1"]
[SourceVersionDate "2019.10.31"]
[SourceQuality "1"]

1. e4 c5 2. Nc3 Nc6 3. f4 d6 4. g3 Nf6 5. Bg2 Bg4 6. Nf3 e6 7. 0-0 Be7 8. h3 Bxf3 9. Bxf3 Nd7 10. d3 Qb6 11. Kh2 0-0-0 12. Na4 Qc7 13. Be3 f6 14. Nc3 Qb6 15. Rb1 Rdg8 16. b4 Qc7 17. b5 Nd4 18. Bxd4 cxd4 19. Ne2 e5 20. Bg4 Kb8 21. c4 Nc5 22. Nc1 Rf8 23. f5 Bd8 24. Rf2 Kc8 25. a4 Qa5 26. Ra2 Bb6 27. Nb3 Nxb3 28. Qxb3 Bc5 29. Qd1 Qd8 30. a5 Qe8 31. a6 b6 32. Rg2 Qd7 33. Rf2 Qe8 34. Rg2 Qd7 35. Rf2 Qe8 36. Rg2 1/2-1/2

[Event "St Petersburg Korchnoi Memorial op"]
[Site "St Petersburg"]
[Date "2019.08.15"]
[Round "2"]
[White "Koftunov, Viacheslav"]
[Black "Penkov, Aleksey"]
[Result "0-1"]
[WhiteElo "1364"]
[BlackElo "1855"]
[PlyCount "44"]
[EventDate "2019.08.14"]
[EventType "swiss"]
[EventRounds "9"]
[EventCountry "RUS"]
[SourceTitle "CBM 192"]
[Source "ChessBase"]
[SourceDate "2019.10.31"]
[SourceVersion "1"]
[SourceVersionDate "2019.10.31"]
[SourceQuality "1"]

1. d4 f5 2. c4 Nf6 3. Nc3 g6 4. Nf3 Bg7 5. g3 0-0 6. Bg2 d6 7. 0-0 Qe8 8. e4 Nxe4 9. Nxe4 fxe4 10. Ng5 Nc6 11. Be3 e5 12. d5 Nd4 13. Nxe4 Bf5 14. Bxd4 exd4 15. Qd3 Qd7 16. Rae1 Rae8 17. Re2 h6 18. Rfe1 Kh8 19. h4 Qd8 20. f3 Be5 21. Kh2 Qxh4+ 22. Kg1 Bxg3 0-1